Library of the University of Algiers 3
Ibrahim Sultan Cheibout
شعار جامعة الجزائر 3
مكتبة جامعة الجزائر 3
إبراهيم سلطان شيبوط

الحلقات، الحلقيات والجبر الخطي / (رقم التسجيلة. 45498)

تفاصيل مارك
000 -LEADER
fixed length control field 01378nam a2200229Ia 4500
003 - CONTROL NUMBER IDENTIFIER
control field Ost
005 - DATE AND TIME OF LATEST TRANSACTION
control field 20260507075646.0
008 - FIXED-LENGTH DATA ELEMENTS--GENERAL INFORMATION
fixed length control field 260507s9999||||xx |||||||||||||| ||und||
020 ## - INTERNATIONAL STANDARD BOOK NUMBER
International Standard Book Number 8717059660
040 ## - CATALOGING SOURCE
Transcribing agency fsecg
041 ## - LANGUAGE CODE
Language code of text/sound track or separate title ara
082 ## - DEWEY DECIMAL CLASSIFICATION NUMBER
Classification number 512
100 ## - MAIN ENTRY--PERSONAL NAME
Personal name هارتلي، ب
Relator term مؤلف
245 #0 - TITLE STATEMENT
Title الحلقات، الحلقيات والجبر الخطي /
Statement of responsibility, etc. ب هارتلي
260 ## - PUBLICATION, DISTRIBUTION, ETC.
Place of publication, distribution, etc. الرياض:
Name of publisher, distributor, etc. جامعة الملك سعود,
Date of publication, distribution, etc. 1999
300 ## - PHYSICAL DESCRIPTION
Extent 309 صفحة؛
Other physical details إيضاحات ؛
Dimensions 24 سم
520 ## - SUMMARY, ETC.
Summary, etc. الحلقات والحلقيات- الحلقات الجزئية والتشكيلات والمثاليات- بناء حلقات جديدة- التحليل في الحلقات التامة- الحلقيات الخاصة- التفريق المباشر للحلقية مولدة نهائيا على حلقة تامة رئيسية- الحلقات الجزئية من الحلقيات الحرة- مبرهنات التفريق- مقارنة لا تعتمد على المصفوفات- تطبيقات على الزمر والمصفوفات- الزمرة المولدة نهائيا- التحويلات الخطية والمصفوفات والأشكال القانونية- حساب الاشكال القانونية.
653 ## - INDEX TERM--UNCONTROLLED
Uncontrolled term الجبر
653 ## - INDEX TERM--UNCONTROLLED
Uncontrolled term الرياضيات
700 ## - ADDED ENTRY--PERSONAL NAME
Personal name ت، هاوكس
Relator term مؤلف ثانوي
942 ## - ADDED ENTRY ELEMENTS (KOHA)
Koha item type كتب
المقتنيات
Withdrawn status Lost status Source of classification or shelving scheme Damaged status Not for loan Home library Current library Date acquired Serial enumeration / chronology Inventory number Total checkouts Full call number Barcode Date last seen Price effective from Koha item type
    Dewey Decimal Classification   NOT LOAN / إعارة داخلية مكتبة كلية العلوم الإقتصادية والعلوم التجارية وعلوم التسيير مكتبة كلية العلوم الإقتصادية والعلوم التجارية وعلوم التسيير 07/05/2026 الطابق الأرضي 1/1618   أ/1618ن1 1/1618 07/05/2026 07/05/2026 كتب

موارد الويب المفتوحة


© University of Algiers 3 All Rights Reserved
|
Implemented by LECHELAH Riad